INTRODUCTION TO PLANTS POPULATION ECOLOGY (Record no. 215488)

MARC details
000 -LEADER
fixed length control field 00510nam a22001697a 4500
008 - FIXED-LENGTH DATA ELEMENTS--GENERAL INFORMATION
fixed length control field 250521b |||||||| |||| 00| 0 eng d
020 ## - INTERNATIONAL STANDARD BOOK NUMBER
International Standard Book Number 9 780582447011
050 ## - LIBRARY OF CONGRESS CALL NUMBER
Classification number QK 911 .S55 1987
Item number C.1
100 ## - MAIN ENTRY--PERSONAL NAME
Personal name SILVERTOWN, JONATHAN
245 ## - TITLE STATEMENT
Title INTRODUCTION TO PLANTS POPULATION ECOLOGY
250 ## - EDITION STATEMENT
Edition statement 2ND EDITION
260 ## - PUBLICATION, DISTRIBUTION, ETC.
Place of publication, distribution, etc. BRITISH
Name of publisher, distributor, etc. LONGMAN SCIENTIFIC AND TECHNICAL
Date of publication, distribution, etc. 1987
500 ## - GENERAL NOTE
General note INCLUDES BIBLIOGRAPHY,INDEXES
650 ## - SUBJECT ADDED ENTRY
Topical term or geographic name entry element POPULATION ECOLOGY OF PLANTS
942 ## - ADDED ENTRY ELEMENTS (KOHA)
Source of classification or shelving scheme Library of Congress Classification
Koha item type Long Loan Book
Holdings
Withdrawn status Lost status Source of classification or shelving scheme Damaged status Not for loan Collection Home library Current library Shelving location Date acquired Inventory number Total checkouts Full call number Barcode Date last seen Date last checked out Copy number Price effective from Koha item type
    Library of Congress Classification     Science & Technology Kisii University Library Kisii University Library On Display 05/21/2025 00279 1 QK 911 .S55 1987 035470 01/22/2026 01/06/2026 C.1 05/21/2025 Long Loan Book
    Library of Congress Classification     Science & Technology Kisii University Library Kisii University Library On Display 05/21/2025 0046299 1 QK 911 .S55 1987 035471 02/09/2026 01/06/2026 C.2 05/21/2025 Long Loan Book